000 00880nam a2200217Ii 4500
003 JO-AjNU
008 230605s9999||||xx |||||||||||||| ||und||
017 _a2001/8/1615
040 _aJO-AjNU
_bara
_erda
_cJO-AjNU
041 _aara
050 1 4 _aBP166.73.I2672 2003
100 3 _aابن قيم الجوزية، شمس الدين أبي بكر ؛ تحقيق وتعليق وضبط جمال الدمشقي,
_eauthor
_956473
245 0 0 _aالروح في الكلام على أرواح الأموات والأحياء بالدلائل من الكتاب والسنة والآثار واقوال العلماء
250 _aط1
264 3 1 _aعمان: دار الاسراء للنشر والتوزيع، 2003
300 _a373ص
336 _atext
_btxt
_2rdacontent
337 _aunmediated
_bn
_2rdamedia
338 _avolume
_bnc
_2rdacarrier
650 4 _aالروح
_956474
999 _aA25249
_c28817
_d28817